| 000 | 00383nam a2200145Ia 4500 | ||
|---|---|---|---|
| 008 | 230917s9999||||xx |||||||||||||| ||und|| | ||
| 040 |
_e79229 _aMAIN |
||
| 041 | _aEnglish | ||
| 082 | _a346.0322 B332V | ||
| 100 | _aBaxi, Upendra | ||
| 245 | 0 | _aValiant victims and lethal litigation: The Bhopal case | |
| 260 |
_aBombay _bN M Tripathi _c1990 |
||
| 300 | _alxix, 679 p. | ||
| 942 | _cBK | ||
| 999 |
_c67032 _d67032 |
||